বাংলাদেশ জাতীয় সংসদে বঙ্গবন্ধু শেখ মুজিবুর রহমান (১৯৭২-১৯৭৫) / (Record no. 6612)
[ view plain ]
| 000 -LEADER | |
|---|---|
| fixed length control field | 01125nam a22002057a 4500 |
| 003 - CONTROL NUMBER IDENTIFIER | |
| control field | BUBTL |
| 008 - FIXED-LENGTH DATA ELEMENTS--GENERAL INFORMATION | |
| fixed length control field | 211209b ||||| |||| 00| 0 eng d |
| 020 ## - INTERNATIONAL STANDARD BOOK NUMBER | |
| International Standard Book Number | 9789840424610 |
| 082 ## - DEWEY DECIMAL CLASSIFICATION NUMBER | |
| Classification number | 954.925/ H2733b/ 2015 |
| 100 ## - MAIN ENTRY--PERSONAL NAME | |
| Personal name | হাসিনা, শেখ |
| 9 (RLIN) | 3866 |
| 245 ## - TITLE STATEMENT | |
| Title | বাংলাদেশ জাতীয় সংসদে বঙ্গবন্ধু শেখ মুজিবুর রহমান (১৯৭২-১৯৭৫) / |
| Statement of responsibility, etc. | শেখ হাসিনা, বেবী মওদুদ |
| 250 ## - EDITION STATEMENT | |
| Edition statement | 1st Edn. |
| 260 ## - PUBLICATION, DISTRIBUTION, ETC. (IMPRINT) | |
| Place of publication, distribution, etc. | ঢাকা: |
| Name of publisher, distributor, etc. | আগামী প্রকাশনী, |
| Date of publication, distribution, etc. | c2015 |
| 300 ## - PHYSICAL DESCRIPTION | |
| Extent | 93 p. : |
| Dimensions | 22 cm. |
| 505 ## - FORMATTED CONTENTS NOTE | |
| Formatted contents note | বাংলাদেশ, জাতীয় সংসদ,বঙ্গবন্ধু, শেখ মুজিবুর রহমান, বাংলাদেশ জাতীয় সংসদে বঙ্গবন্ধু শেখ মুজিবুর রহমান, শেখ হাসিনা, বেবী মওদুদ |
| 650 #0 - SUBJECT ADDED ENTRY--TOPICAL TERM | |
| Topical term or geographic name as entry element | বঙ্গবন্ধু |
| 856 ## - ELECTRONIC LOCATION AND ACCESS | |
| Password | 0 |
| Logon | 0 |
| Link text | Download |
| 942 ## - ADDED ENTRY ELEMENTS (KOHA) | |
| Source of classification or shelving scheme | |
| Koha item type | Books |
| Withdrawn status | Lost status | Source of classification or shelving scheme | Damaged status | Not for loan | Collection code | Permanent location | Current location | Shelving location | Date acquired | Source of acquisition | Inventory number | Total Checkouts | Full call number | Barcode | Date last seen | Copy number | Price effective from | Koha item type |
|---|---|---|---|---|---|---|---|---|---|---|---|---|---|---|---|---|---|---|
| Non-fiction | Bangladesh University of Business and Technology Library | Bangladesh University of Business and Technology Library | Fiction | 02/26/2020 | Purchase | 26716 | 954.925/ H2733b/ 2015 | BUBTL-200326716 | 12/09/2021 | C-1 | 12/09/2021 | Books |
